[Event "Kitchener Winter op"]
[Site "Kitchener"]
[Date "2011.03.12"]
[Round "1"]
[White "Demmery, Steve"]
[Black "Sapozhnikov, Roman"]
[Result "0-1"]
[WhiteElo "2104"]
[BlackElo "2279"]
[PlyCount "98"]
[EventDate "2011.03.12"]
[EventType "swiss"]
[EventRounds "5"]
[EventCountry "CAN"]
[SourceTitle "EXT 2022"]
[Source "ChessBase"]
[SourceDate "2021.10.06"]
[SourceVersion "1"]
[SourceVersionDate "2021.10.06"]
[SourceQuality "1"]

1. d4 Nf6 2. Nf3 g6 3. Bf4 Bg7 4. e3 d6 5. h3 c5 6. Nbd2 Nc6 7. c3 0-0 8. dxc5 dxc5 9. Nc4 Nd5 10. Be2 Nxf4 11. exf4 Qc7 12. Qd2 b6 13. 0-0 Bb7 14. Qe3 Rad8 15. Rad1 Rxd1 16. Rxd1 Rd8 17. Rxd8+ Qxd8 18. Nce5 Nxe5 19. Nxe5 e6 20. Bf3 Bxf3 21. Nxf3 Qd5 22. a3 Qd1+ 23. Ne1 c4 24. Kf1 Bf8 25. Qe2 Qd5 26. Nf3 Bc5 27. Ne5 b5 28. Ng4 Be7 29. Ne3 Qe4 30. Qd2 Qxf4 31. g3 Qd6 32. Ke2 Qxd2+ 33. Kxd2 Bc5 34. Nd1 e5 35. f3 f5 36. Kc2 e4 37. fxe4 fxe4 38. Kd2 Kf7 39. Ne3 Ke6 40. Ke2 Bxe3 41. Kxe3 Ke5 42. Ke2 g5 43. Kf2 h5 44. Ke2 h4 45. gxh4 gxh4 46. Ke3 a6 47. Ke2 Kf4 48. Kf2 e3+ 49. Ke2 Ke4 0-1

[Event "Kitchener"]
[Site "Kitchener"]
[Date "2010.07.31"]
[Round "2"]
[White "Kleinman, Michael"]
[Black "Demmery, Steve"]
[Result "1-0"]
[WhiteElo "2248"]
[BlackElo "2230"]
[PlyCount "113"]
[EventDate "2010.07.30"]
[EventType "swiss"]
[EventRounds "7"]
[EventCountry "CAN"]
[SourceTitle "EXT 2022"]
[Source "ChessBase"]
[SourceDate "2021.10.06"]
[SourceVersion "1"]
[SourceVersionDate "2021.10.06"]
[SourceQuality "1"]

1. e4 d6 2. d4 Nf6 3. Nc3 c6 4. f4 Qa5 5. Bd3 e5 6. Nf3 Bg4 7. Be3 Nbd7 8. 0-0 Be7 9. Qe1 Bxf3 10. gxf3 Nh5 11. fxe5 dxe5 12. Ne2 Qxe1 13. Raxe1 exd4 14. Nxd4 0-0-0 15. f4 Nhf6 16. e5 Ng4 17. Nf5 Bb4 18. Nd6+ Bxd6 19. exd6 Nxe3 20. Rxe3 g6 21. f5 Nc5 22. fxg6 fxg6 23. b4 Nxd3 24. Rxd3 b5 25. Rf6 Rd7 26. Kf2 Re8 27. Re3 Red8 28. Ree6 Kb7 29. Ke3 Kb6 30. Kd4 g5 31. a3 h5 32. Ke5 c5 33. Kd5 cxb4 34. axb4 g4 35. Rh6 Rf7 36. Re5 Rf2 37. Rhxh5 Rd2+ 38. Ke4 R8xd6 39. Rxb5+ Ka6 40. Rb8 R2d4+ 41. Ke3 R4d5 42. Rxd5 Rxd5 43. c4 Rh5 44. b5+ Ka5 45. Ra8 Rxh2 46. Rxa7+ Kb4 47. Rc7 Rh6 48. Kf4 Rg6 49. Rc6 Rg8 50. Kg3 Ka5 51. b6 Ka6 52. c5 Kb5 53. Rc7 Ka6 54. b7 Ka7 55. Rc8 Rxc8 56. bxc8R Kb7 57. Rf8 1-0

[Event "Guelph Fall 50 50 Pro-Am"]
[Site "Guelph"]
[Date "2007.11.03"]
[Round "4"]
[White "Demmery, Steve"]
[Black "Ferreira, Alex"]
[Result "1-0"]
[WhiteElo "2162"]
[BlackElo "2010"]
[PlyCount "51"]
[EventDate "2007.11.03"]
[EventType "swiss"]
[EventRounds "5"]
[EventCountry "CAN"]
[SourceTitle "EXT 2022"]
[Source "ChessBase"]
[SourceDate "2021.10.06"]
[SourceVersion "1"]
[SourceVersionDate "2021.10.06"]
[SourceQuality "1"]

1. d4 d5 2. c4 e5 3. Nc3 dxc4 4. d5 c6 5. e4 b5 6. dxc6 Qxd1+ 7. Kxd1 Be6 8. Nxb5 Na6 9. Be3 0-0-0+ 10. Kc1 Nc5 11. Nf3 f6 12. Nd2 a6 13. Nc3 Nd3+ 14. Kb1 Kc7 15. b3 Rb8 16. Nd5+ Bxd5 17. exd5 cxb3 18. axb3 Nb4 19. Bc4 Ne7 20. Ra5 Nf5 21. Rd1 Nxe3 22. fxe3 Kb6 23. Ra4 Bc5 24. Ne4 f5 25. Nxc5 Kxc5 26. c7 1-0

[Event "Guelph Fall 50 50 Pro-Am"]
[Site "Guelph"]
[Date "2007.11.03"]
[Round "1"]
[White "Demmery, Steve"]
[Black "Sambuev, Bator"]
[Result "0-1"]
[WhiteElo "2162"]
[BlackElo "2524"]
[PlyCount "64"]
[EventDate "2007.11.03"]
[EventType "swiss"]
[EventRounds "5"]
[EventCountry "CAN"]
[SourceTitle "EXT 2022"]
[Source "ChessBase"]
[SourceDate "2021.10.06"]
[SourceVersion "1"]
[SourceVersionDate "2021.10.06"]
[SourceQuality "1"]

1. d4 Nf6 2. c4 e6 3. g3 c5 4. Nf3 d5 5. cxd5 exd5 6. Bg2 Nc6 7. 0-0 Be7 8. dxc5 Bxc5 9. Qc2 Be7 10. a3 0-0 11. Rd1 Bg4 12. Nc3 h6 13. Be3 Na5 14. h3 Be6 15. Nd4 Nc4 16. Bf4 Qc8 17. Nxe6 fxe6 18. g4 Nxg4 19. Bc1 Qc5 20. e3 Rxf2 21. Qg6 Rxg2+ 22. Kxg2 Ngxe3+ 23. Bxe3 Nxe3+ 24. Kh1 Nxd1 25. Qxe6+ Kh8 26. Rxd1 Rf8 27. Nxd5 Bg5 28. Qg4 Qc2 29. Rg1 Qxb2 30. h4 Qe5 31. Nb4 Be7 32. h5 Bd6 0-1

[Event "Canadian op"]
[Site "Ottawa"]
[Date "2007.07.12"]
[Round "7"]
[White "Demmery, Steve"]
[Black "Bradford, Joseph M"]
[Result "0-1"]
[WhiteElo "2101"]
[BlackElo "2406"]
[PlyCount "65"]
[EventDate "2007.07.07"]
[EventType "swiss"]
[EventRounds "10"]
[EventCountry "CAN"]
[SourceTitle "CBM 119 Extra"]
[Source "ChessBase"]
[SourceDate "2007.09.04"]
[SourceVersion "1"]
[SourceVersionDate "2007.09.04"]
[SourceQuality "1"]

1. d4 Nf6 2. c4 e6 3. g3 d5 4. Nf3 dxc4 5. Bg2 b5 6. Ne5 Nd5 7. a4 c6 8. 0-0 Bb7 9. Nc3 a6 10. e4 Nf6 11. Be3 Nbd7 12. f4 Be7 13. Qe2 0-0 14. Rfd1 Qc7 15. Kh1 Rad8 16. Bf3 b4 17. Nb1 c5 18. Nd2 c3 19. bxc3 bxc3 20. Nxd7 Rxd7 21. e5 Nd5 22. Ne4 Nxe3 23. Qxe3 cxd4 24. Rxd4 Rxd4 25. Qxd4 c2 26. Qb2 Rb8 27. Qc1 Bd5 28. Kg2 Qc4 29. Nf2 Bxf3+ 30. Kxf3 Qc3+ 31. Kg2 Qxa1 32. Qxa1 Rb1 33. Qxb1 0-1

[Event "Canadian op"]
[Site "Kitchener"]
[Date "2006.07.19"]
[Round "5"]
[White "Sauve, Richard"]
[Black "Demmery, Steve"]
[Result "1-0"]
[WhiteElo "2004"]
[BlackElo "2097"]
[PlyCount "108"]
[EventDate "2006.07.15"]
[EventType "swiss"]
[EventRounds "9"]
[EventCountry "CAN"]
[SourceTitle "CBM 113 Extra"]
[Source "ChessBase"]
[SourceDate "2006.09.14"]
[SourceVersion "1"]
[SourceVersionDate "2006.09.14"]
[SourceQuality "1"]

1. d4 d5 2. c4 dxc4 3. Nf3 c5 4. e3 cxd4 5. exd4 Nf6 6. Bxc4 e6 7. 0-0 Be7 8. Qe2 0-0 9. Nc3 a6 10. a4 Nc6 11. Rd1 Nb4 12. Bg5 Re8 13. Ne5 Nfd5 14. Bxe7 Rxe7 15. Qe4 Qd6 16. Qh4 f6 17. Nd3 Qc6 18. Nxb4 Qxc4 19. Nbxd5 exd5 20. Re1 Rxe1+ 21. Rxe1 Bf5 22. Qf4 Bg6 23. h3 b5 24. axb5 axb5 25. Re7 b4 26. Rc7 bxc3 27. Rxc4 cxb2 28. Rb4 b1Q+ 29. Rxb1 Bxb1 30. Qd6 Ba2 31. h4 Re8 32. h5 Kf7 33. h6 gxh6 34. f3 Bc4 35. Qf4 Kg7 36. Qg4+ Kf8 37. Kh2 Re2 38. Kh3 Re1 39. Kg3 Kf7 40. Qh5+ Kg7 41. Kf4 Re2 42. Qg4+ Kf7 43. g3 Re1 44. Qf5 Kg7 45. Kg4 Re2 46. f4 Re7 47. Kh4 Re1 48. Qd7+ Kg8 49. Kg4 Re3 50. Kf5 Rxg3 51. Ke6 Kh8 52. Qd8+ Rg8 53. Qxf6+ Rg7 54. f5 h5 1-0

[Event "Guelph op"]
[Site "Guelph"]
[Date "2002.08.11"]
[Round "9"]
[White "Saint Amand, Paul"]
[Black "Demmery, Steve"]
[Result "1/2-1/2"]
[WhiteElo "2170"]
[BlackElo "2086"]
[PlyCount "57"]
[EventDate "2002.08.07"]
[EventType "swiss"]
[EventRounds "9"]
[EventCountry "CAN"]
[SourceTitle "CBM 089 Extra"]
[Source "ChessBase"]
[SourceDate "2002.09.10"]
[SourceVersion "2"]
[SourceVersionDate "2002.09.10"]
[SourceQuality "1"]

1. e4 d6 2. d4 Nf6 3. Nc3 c6 4. f4 Qa5 5. Bd3 e5 6. Nf3 Bg4 7. dxe5 dxe5 8. f5 b5 9. 0-0 Nbd7 10. h3 Bxf3 11. Qxf3 Nc5 12. Rd1 Nfd7 13. Be3 Be7 14. a3 Nxd3 15. cxd3 Bf6 16. Rac1 0-0 17. Qf2 Be7 18. d4 b4 19. axb4 Bxb4 20. Ra1 Qc7 21. dxe5 Nxe5 22. Bc5 Bxc5 23. Qxc5 Nd7 24. Nd5 Nxc5 25. Nxc7 Rac8 26. Rxa7 Nxe4 27. Rd7 Rcd8 28. Re7 Nf6 29. Na6 1/2-1/2

[Event "Guelph op"]
[Site "Guelph"]
[Date "2002.08.07"]
[Round "1"]
[White "Demmery, Steve"]
[Black "Glinert, Stephen"]
[Result "0-1"]
[WhiteElo "2086"]
[BlackElo "2324"]
[PlyCount "86"]
[EventDate "2002.08.07"]
[EventType "swiss"]
[EventRounds "9"]
[EventCountry "CAN"]
[SourceTitle "CBM 089 Extra"]
[Source "ChessBase"]
[SourceDate "2002.09.10"]
[SourceVersion "2"]
[SourceVersionDate "2002.09.10"]
[SourceQuality "1"]

1. d4 Nf6 2. c4 g6 3. Nc3 d5 4. cxd5 Nxd5 5. Bd2 Bg7 6. e4 Nb6 7. Be3 0-0 8. Be2 Nc6 9. Nf3 Bg4 10. d5 Bxf3 11. gxf3 Ne5 12. Bd4 e6 13. f4 Ned7 14. Bxg7 Kxg7 15. Qd4+ Qf6 16. 0-0-0 exd5 17. Nxd5 Nxd5 18. exd5 Rfe8 19. Bf3 Rad8 20. Rd2 Nb6 21. Rhd1 Rd6 22. Rc2 Qxd4 23. Rxd4 c6 24. Kd2 Red8 25. Rc3 Nxd5 26. Bxd5 Rxd5 27. Rxd5 Rxd5+ 28. Ke3 Rb5 29. b3 Kf6 30. Kf3 Rd5 31. b4 Ke6 32. a3 a5 33. bxa5 Rxa5 34. Rb3 b5 35. Rd3 c5 36. h4 b4 37. axb4 cxb4 38. Rd1 Rb5 39. Rb1 b3 40. h5 Rxh5 41. Ke4 Rb5 42. f5+ gxf5+ 43. Kf4 b2 0-1

[Event "Kitchener Masters"]
[Site "Kitchener"]
[Date "2001.09.15"]
[Round "2"]
[White "Demmery, Steve"]
[Black "Jung, Hans Rudolf"]
[Result "1/2-1/2"]
[WhiteElo "2122"]
[BlackElo "2291"]
[PlyCount "91"]
[EventDate "2001.09.15"]
[EventType "tourn"]
[EventRounds "9"]
[EventCountry "CAN"]
[SourceTitle "EXT 2022"]
[Source "ChessBase"]
[SourceDate "2021.10.06"]
[SourceVersion "1"]
[SourceVersionDate "2021.10.06"]
[SourceQuality "1"]

1. d4 b6 2. e4 e6 3. Nf3 Bb7 4. Bd3 c5 5. c3 d6 6. Be3 Nf6 7. Nbd2 Be7 8. h3 Nc6 9. 0-0 Qc7 10. Qe2 0-0 11. Rac1 Rac8 12. a3 Qb8 13. Bb1 Rc7 14. Qd3 cxd4 15. Bxd4 Nxd4 16. Nxd4 g6 17. Rfe1 Rd7 18. Qe3 e5 19. N4f3 Kg7 20. Rcd1 Nh5 21. Nf1 f6 22. Qd2 d5 23. Ne3 Nf4 24. Ba2 d4 25. Nd5 Nxd5 26. Bxd5 Bxd5 27. exd5 dxc3 28. Qxc3 Rfd8 29. Qc6 Rd6 30. Qc4 Qb7 31. Re3 Rxd5 32. Rxd5 Rxd5 33. Re2 Qd7 34. Qc3 Rc5 35. Qe3 Qc7 36. g3 Qc6 37. Re1 Rc4 38. Re2 Bc5 39. Qb3 e4 40. Ne1 Rc1 41. Kh2 Bxf2 42. Rxf2 Rxe1 43. Qb4 Rc1 44. Qe7+ Kh6 45. Qf8+ Kh5 46. Rf5+ 1/2-1/2